000
00344nam a22001577a 4500
005
20260512121402.0
008
160629b xxu||||| |||| 00| 0 eng d
041
_a
eng
082
_a
658.5
100
_a
Verma, A.P.
245
_a
Production Management
260
_b
Katson Books
_c
2012
300
_a
332
650
_a
Management
942
_c
BK
999
_c
4708
_d
4706